Another wave of revival. (Record no. 14109)

000 -LEADER
fixed length control field 00817nam a2200217 a 4500
001 - CONTROL NUMBER
control field :::00011933$&:&@@
003 - CONTROL NUMBER IDENTIFIER
control field OkBaRHE
005 - DATE AND TIME OF LATEST TRANSACTION
control field 20000607103414.0
008 - FIXED-LENGTH DATA ELEMENTS--GENERAL INFORMATION
fixed length control field s1982 j 000 0 eng u
040 ## - CATALOGING SOURCE
Transcribing agency
100 1# - MAIN ENTRY--PERSONAL NAME
Personal name Bartleman, Frank.
245 10 - TITLE STATEMENT
Title Another wave of revival.
260 ## - PUBLICATION, DISTRIBUTION, ETC. (IMPRINT)
Place of publication, distribution, etc Springdale, PA., :
Name of publisher, distributor, etc Whitaker House
Date of publication, distribution, etc c1982
300 ## - PHYSICAL DESCRIPTION
Extent 175 p. ;
Dimensions 18 cm.
650 ## - SUBJECT ADDED ENTRY--TOPICAL TERM
Topical term or geographic name as entry element Pentecostalism
650 ## - SUBJECT ADDED ENTRY--TOPICAL TERM
Topical term or geographic name as entry element Revivals
General subdivision Azusa Street
942 ## - ADDED ENTRY ELEMENTS (KOHA)
Source of classification or shelving scheme
Koha item type Books
Copies
Permanent Location Copy number Full call number Source of classification or shelving scheme Total Renewals Date last seen Lost status Not for loan Barcode Total Checkouts Withdrawn status Current Location Date acquired Date checked out Damaged status Shelving location Koha item type Price effective from
RHEMA Bible Training College1BX 8762 .B3  2010-04-14  11933   2010-04-14  General StacksBooks2010-04-14
RHEMA Bible Training College2BX 8762 .B3  2010-04-14  16362   2010-04-14  General StacksBooks2010-04-14
RHEMA Bible Training College3BX 8762 .B3 22010-11-12  163631 RHEMA Bible Training College2010-04-142010-09-22 General StacksBooks2010-04-14